[Event "Castellaneta op 3rd"]
[Site "Castellaneta"]
[Date "1999.08.29"]
[Round "1"]
[White "Ceglio, Fulvio"]
[Black "Safranska, Anda"]
[Result "0-1"]
[WhiteElo "2060"]
[BlackElo "2267"]
[PlyCount "91"]
[EventDate "1999.08.29"]
[EventType "swiss"]
[EventRounds "6"]
[EventCountry "ITA"]
[SourceTitle "EXT 2000"]
[Source "ChessBase"]
[SourceDate "1999.11.16"]
[SourceVersion "1"]
[SourceVersionDate "1999.11.16"]
[SourceQuality "1"]

1. d4 Nf6 2. Nf3 g6 3. Bg5 Bg7 4. Nbd2 c5 5. Bxf6 Bxf6 6. Ne4 Qb6 7. Nxf6+ Qxf6 8. c3 d6 9. e3 0-0 10. Be2 cxd4 11. Nxd4 Nc6 12. Nxc6 bxc6 13. 0-0 Rb8 14. Qd2 Bf5 15. b3 Rfd8 16. Rfd1 e5 17. c4 Qe7 18. Bf3 Qc7 19. Rac1 a5 20. e4 Be6 21. Be2 Kg7 22. f3 c5 23. Qc3 a4 24. Ra1 Rb4 25. Rdb1 Rdb8 26. Bd3 f6 27. Kf2 Kf7 28. Ke2 R8b7 29. Rb2 axb3 30. axb3 Qb8 31. Rab1 Ra7 32. Kd2 Qf8 33. Rh1 Ra3 34. Kc2 Bd7 35. Rhb1 Qh6 36. h3 f5 37. Qd2 f4 38. Bf1 Qf8 39. Be2 Qb8 40. Kc3 Ke7 41. Bd1 Be6 42. Be2 Qa7 43. Qc2 Qa5 44. Kd3 Bxc4+ 45. Qxc4 Rxc4 46. Kxc4 0-1